000 00504 a2200169 4500
003 OSt
005 20240131093650.0
008 240131b |||||||| |||| 00| 0 eng d
040 _coclc
082 _a297.122
_bKAR/Q
100 _a Karakunnu, Sheikh Mohammed
_91839
245 _aQuranile Sthree /
_cShaik Muhammed Karakunnu
250 _a4th ed.
260 _aKozhikode:
_bIslamic Publishing House,
_c2023.
300 _a96p.
942 _2ddc
_cBK
_h297.122
_iKAR/Q
_k297.122
_mKAR/Q
999 _c43381
_d43381